Letter Chain #2 - Statistics

General Stats
  • This quiz has been taken 50 times
  • The average score is 19 of 30
Answer Stats
Hint Answer % Correct
A country that owns the Pyramids of Giza Egypt
98%
Something is still slightly wet Damp
91%
Potential, kinetic, thermal, electrical, chemical, nuclear Energy
91%
Having a short sleep in the daytime Nap
91%
A lengthened growth on the behind of specific animals Tail
91%
A yellow citrus fruit Lemon
89%
The body part that contains the femur Leg
87%
Spotted animal related to the tiger Leopard
84%
A small missing space Gap
78%
A hole containing water Well
78%
Actual Real
73%
The ‘Y’ in ROY-G-BIV Yellow
73%
Someone living next door Neighbour
71%
The first elected president of the Russia SFSR Yeltsin
71%
A cooking utensil used for scooping soup Ladle
69%
A relative to a dolphin Porpoise
67%
Not bright, very pastel Pale
60%
Someone who is experienced with a X-Ray Radiologist
60%
Supergroup containing Agnetha and Anni-Frid ABBA
58%
Beer that has been brewed at low temperatures Lager
56%
Someone who talks super fast to a song Rapper
53%
A small knife used to stab people Dagger
51%
A relative to monkeys, a primate Gorilla
51%
An event in male gymnastics Pommel
49%
A rapid attack on an enemy Raid
44%
The only venomous snake in the United Kingdom Adder
38%
Something that is normally on the side of stairwells Railing
38%
Not happening Never
36%
A thing with distinct existence Entity
20%
A very hairy fruit found in Southeast Asia Rambutan
20%
No matching quizzes found
Score Distribution
Percent of People with Each Score
Percentile by Number Answered
Your Score History
You have not taken this quiz